Κατάλογος Βιβλιοθηκών Mediterranean College

International Hotel and Tourism Management/Ξενοδοχεία Τύπου Boutique στην Αθήνα και Κριτήρια Επιλογής τους. (Record no. 8637)

MARC details
000 -LEADER
fixed length control field 02031cam a22001934a 4500
005 - ΗΜΕΡΟΜΗΝΙΑ ΚΑΙ ΩΡΑ ΤΕΛΕΥΤΑΙΑΣ ΕΝΗΜΕΡΩΣΗΣ
Πεδίο ελέγχου 20250605164342.0
008 - FIXED-LENGTH DATA ELEMENTS--GENERAL INFORMATION
Πεδίο ελέγχου σταθερού μήκους 250528s ||||||||||||||||||||||||d
035 ## - SYSTEM CONTROL NUMBER
System control number 23640
040 ## - ΠΗΓΗ ΚΑΤΑΛΟΓΟΓΡΑΦΗΣΗΣ
Φορέας πρωτότυπης καταλογογράφησης MC Athens Campus Library
Γλώσσα καταλογογράφησης Ελληνικά, Μοντέρνα (1453-)
Modifying agency MC Athens Campus Library
Κανόνες περιγραφικής καταλογογράφησης AACR2
245 1# - ΤΙΤΛΟΣ ΚΑΙ ΔΗΛΩΣΗ ΥΠΕΥΘΥΝΟΤΗΤΑΣ
Τίτλος International Hotel and Tourism Management/Ξενοδοχεία Τύπου Boutique στην Αθήνα και Κριτήρια Επιλογής τους.
260 ## - PUBLICATION, DISTRIBUTION, ETC.
Date of publication, distribution, etc. 2013
300 ## - PHYSICAL DESCRIPTION
Extent 45
520 ## - SUMMARY, ETC.
Summary, etc. Εισαγωγή, Χαρακτηριστηκά της Ελληνικής Ξενοδοχειακής Αγοράς, Διεθνείς Τάσεις της Ξενοδοχειακής Αγοράς, οι Κληματικές Αλλαγές και τα Περιβαλλοντικά Ζητήματα, η Επιρροή των ΜΜΜ και του Κόστους των Ναύλων στον Τουρισμό, η Εξάπλωση της Χρήσης του Διαδικτύου και ο Ρόλος του Ηλεκτρικού Εμποριού στον Τουρισμό, οι Τεχνολογικές Εξελίξεις, η Ένοια των Ξενοδοχειακών Boutique στην Ελλάδα, Χαρακτηριστηκά και Δημιουργεία Ξενοδοχειακών Τύπου Boutique στην Ελλάδα, το Μείγμα Marketing των Υπηρεσιών ή 7Ps, τις Ιδιαιτερότητες των Τουριστικών Προϊόντων, Τμηματοποίηση της Αγοράς, Καταναλωτική Συμπεριφορά, Ικανοποίηση των Πελατών, οι 5 Διαστάσεις της Ποιότητας των Υπηρεσιών, Μεθοδολογία, Ανάλυση των Στοιχείων, της Έρευνας Παρουσίαση του New Hotel της Αλυσίδας, Yes Hotel, Συμπεράσματα, Προτάσεις, Πηγές.
700 1# - ΠΡΟΣΘΕΤΗ ΑΝΑΓΡΑΦΗ--ΦΥΣΙΚΟ ΠΡΟΣΩΠΟ
Personal name Θεοδοσιάδου Σοφία
9 (RLIN) 9234
700 1# - ΠΡΟΣΘΕΤΗ ΑΝΑΓΡΑΦΗ--ΦΥΣΙΚΟ ΠΡΟΣΩΠΟ
Personal name Ρουμελιώτης Γεώργιος
9 (RLIN) 9235
942 ## - ADDED ENTRY ELEMENTS (KOHA)
Koha item type Διπλωματική εργασία
Holdings
Τύπος τεκμηρίου Βιβλιοθήκη Τρέχουσα τοποθεσία Barcode Ημερομηνία απόκτησης Ταξιθετικό σύμβολο Αριθμός αντιτύπου Κατάσταση απόσυρσης Κατάσταση χαμένου Κατάσταση κατεστραμμένου Μη δανεισμός Σύνολο δανεισμών Ημερομηνία τελευταίας εμφάνισης Η τιμή ισχύει από
Διπλωματική εργασία MC Athens Campus Library MC Athens Campus Library 9780000086365 05/06/2025 TOUR 2013 (30) 1           05/06/2025 05/06/2025

MC Athens Campus Library
Πατησίων 94 & Κοδριγκτώνος 13, 104 34
Πελλήνης 8 & Πατησίων 107, 112 51
Τ: +30 210 8899600

MC Thessaloniki Campus Library
Ίωνος Δραγούμη 21, 54625 | Ίωνος Δραγούμη 15, 54625
Τ: +30 2310 287779 – Τ: +30 2314 440300